书目信息 |
| 题名: |
社会主义市场经济理论
|
|
| 作者: | 李丰才 著 | |
| 分册: | ||
| 出版信息: | 北京 中国人民大学出版社 2014 |
|
| 页数: | 453页 | |
| 开本: | 26cm | |
| 丛书名: | ||
| 单 册: | ||
| 中图分类: | F123.9 | |
| 科图分类: | ||
| 主题词: | 社会主义市场经济--She Hui Zhu Yi Shi Chang Jing Ji--经济理论--中国--高等学校--教材 | |
| 电子资源: | ||
| ISBN: | 978-7-300-18415-9 | |
| 000 | 01092nam0 22002771 450 | |
| 001 | 349837 | |
| 005 | 20161009083821.67 | |
| 010 | @a978-7-300-18415-9@dCNY49.80 | |
| 100 | @a20140805d2014 em y0chiy50 ea | |
| 101 | 0 | @achi |
| 102 | @aCN@b110000 | |
| 105 | @ay z 000yy | |
| 106 | @ar | |
| 200 | 1 | @a社会主义市场经济理论@AShe Hui Zhu Yi Shi Chang Jing Ji Li Lun@f李丰才著 |
| 205 | @a2版 | |
| 210 | @a北京@c中国人民大学出版社@d2014 | |
| 215 | @a453页@d26cm | |
| 300 | @a21世纪经济学系列教材/杜厚文、林岗主编 | |
| 312 | @a封面英文题名:Theories of socialist market-oriented economics | |
| 330 | @a本书介绍了中国社会主义市场经济的理论。包括社会主义市场经济基础论、社会主义市场经济改革论、社会主义市场经济特征论、社会主义市场经济体系论、社会主义市场经济环境论等内容。 | |
| 510 | 1 | @aTheories of socialist market-oriented economics@zeng |
| 606 | 0 | @a社会主义市场经济@AShe Hui Zhu Yi Shi Chang Jing Ji@x经济理论@y中国@x高等学校@j教材 |
| 690 | @aF123.9@v5 | |
| 701 | 0 | @a李丰才@ALi Feng Cai@f(1952~)@4著 |
| 801 | 0 | @aCN@bTANGWEI@20160802 |
| 905 | @b0887010-4@dF123.9@e261=2@f5 | |
| 社会主义市场经济理论/李丰才著 .-2版.-北京:中国人民大学出版社,2014 |
| 453页;26cm |
| 21世纪经济学系列教材/杜厚文、林岗主编 |
| ISBN 978-7-300-18415-9:CNY49.80 |
| 本书介绍了中国社会主义市场经济的理论。包括社会主义市场经济基础论、社会主义市场经济改革论、社会主义市场经济特征论、社会主义市场经济体系论、社会主义市场经济环境论等内容。 |
| ● |
| 相关链接 |
|
|
|
|
正题名:社会主义市场经济理论
索取号:F123.9/261=2
 
预约/预借
| 序号 | 登录号 | 条形码 | 馆藏地/架位号 | 状态 | 备注 |
| 1 | 0887010 | 208870104 | 第一样本阅览室/ [索取号:F123.9/261=2] | 在馆 | |
| 2 | 0887011 | 208870113 | 第一借阅区/ [索取号:F123.9/261=2] | 在馆 | |
| 3 | 0887012 | 208870122 | 密集书库-海洋学院/ [索取号:F123.9/261=2] | 在馆 | |
| 4 | 0887013 | 208870131 | 第一借阅区/ [索取号:F123.9/261=2] | 在馆 | |
| 5 | 0887014 | 208870140 | 第一借阅区/ [索取号:F123.9/261=2] | 在馆 |